| 000 | 01066cam a22002655a 4500 | ||
|---|---|---|---|
| 001 | L159050 | ||
| 008 | 151217s2015 xxk f 000 0 eng d | ||
| 035 | _a(Sirsi) u159050 | ||
| 041 | 0 | _aeng | |
| 100 | 1 | _aMcGough, Louise | |
| 245 | 0 | 0 |
_aDelivering change _bMaking the most of public assets _h[electronic resource] |
| 260 |
_aLondon _bCentre for Cities _c2015 |
||
| 520 | _aLooks at how local authorities are maximising their public assets such as land and property to generate income streams which can be used to deliver services and stimulate economic growth. | ||
| 590 | _aKA | ||
| 650 | 2 | 4 | _aLOCAL AUTHORITIES |
| 650 | 2 | 4 | _aASSET MANAGEMENT |
| 650 | 2 | 4 | _aCITIES |
| 651 | 4 |
_aEngland and Wales _y1543- |
|
| 690 |
_aCommercial property _96227 |
||
| 690 | _aBusiness and management | ||
| 690 |
_aInfrastructure _96246 |
||
| 700 | 1 | _aBessis, Hugo | |
| 856 | 4 | 0 |
_uhttps://www.centreforcities.org/wp-content/uploads/2015/11/15-11-26-Delivering-Change-Public-Assets.pdf _zView the item free of charge from the Www.centreforcities.org website. |
| 942 | _n0 | ||
| 999 |
_c115647 _d115647 |
||